[Event "DEM U16 2018"]
[Site "Willingen GER"]
[Date "2018.05.23"]
[Round "6"]
[White "Recktenwald, Cedric"]
[Black "Hoffmann, Lennard"]
[Result "1/2-1/2"]
[Termination "normal"]
[Board "11"]
[WhiteElo "1826"]
[BlackElo "2013"]
[WhiteClock "00:23:03"]
[BlackClock "00:01:27"]
[PlyCount "83"]
[WhiteFideId "12971928"]
[BlackFideId "12943495"]
[EventCountry "GER"]
[EventRounds "9"]
[EventType "swiss"]
[EventDate "2018.05.19"]

1. e4 {[%clk 1:30:53]} 1... c5 {[%clk 1:30:58]} 2. Nf3 {[%clk 1:30:58]} 2... d6
{[%clk 1:31:24]} 3. Bb5+ {[%clk 1:31:04]} 3... Nc6 {[%clk 1:31:38]} 4. O-O {
[%clk 1:29:25]} 4... Bd7 {[%clk 1:30:33]} 5. Re1 {[%clk 1:27:27]} 5... Nf6 {
[%clk 1:29:05]} 6. d4 {[%clk 1:25:34]} 6... cxd4 {[%clk 1:24:41]} 7. Nxd4 {
[%clk 1:24:25]} 7... g6 {[%clk 1:22:58]} 8. f3 {[%clk 1:16:25]} 8... Bg7 {
[%clk 1:22:43]} 9. Be3 {[%clk 1:15:21]} 9... O-O {[%clk 1:21:25]} 10. Bxc6 {
[%clk 1:07:25]} 10... bxc6 {[%clk 1:21:19]} 11. c4 {[%clk 1:06:19]} 11... d5 {
[%clk 1:15:02]} 12. e5 {[%clk 1:03:25]} 12... Ne8 {[%clk 1:14:58]} 13. cxd5 {
[%clk 0:57:57]} 13... cxd5 {[%clk 1:15:18]} 14. f4 {[%clk 0:58:02]} 14... e6 {
[%clk 1:10:27]} 15. Nd2 {[%clk 0:46:52]} 15... f6 {[%clk 1:07:53]} 16. N2f3 {
[%clk 0:45:10]} 16... Rb8 {[%clk 1:05:15]} 17. Nb3 {[%clk 0:39:12]} 17... a5 {
[%clk 1:00:01]} 18. Qd2 {[%clk 0:34:34]} 18... fxe5 {[%clk 0:43:10]} 19. fxe5 {
[%clk 0:33:11]} 19... a4 {[%clk 0:29:40]} 20. Nc5 {[%clk 0:31:15]} 20... Rf5 {
[%clk 0:27:56]} 21. Bd4 {[%clk 0:27:58]} 21... Nc7 {[%clk 0:25:06]} 22. b4 {
[%clk 0:19:32]} 22... axb3 {[%clk 0:18:49]} 23. axb3 {[%clk 0:19:50]} 23... Nb5
{[%clk 0:18:55]} 24. Bf2 {[%clk 0:16:39]} 24... g5 {[%clk 0:15:53]} 25. Nd4 {
[%clk 0:11:48]} 25... Rxe5 {[%clk 0:14:48]} 26. Nxd7 {[%clk 0:10:01]} 26...
Qxd7 {[%clk 0:12:25]} 27. Nxb5 {[%clk 0:06:47]} 27... Rxe1+ {[%clk 0:11:16]}
28. Rxe1 28... Rxb5 {[%clk 0:10:25]} 29. Qxg5 {[%clk 0:07:11]} 29... d4 { [%clk
0:07:26]} 30. Qg3 {[%clk 0:05:40]} 30... d3 {[%clk 0:05:13]} 31. Be3 { [%clk
0:03:14]} 31... Rxb3 {[%clk 0:03:04]} 32. Ra1 {[%clk 0:02:32]} 32... Qb7 {[%clk
0:01:23]} 33. Bd4 {[%clk 0:00:37]} 33... Rb1+ {[%clk 0:00:49]} 34. Rxb1 {[%clk
0:00:51]} 34... Qxb1+ {[%clk 0:01:16]} 35. Kf2 {[%clk 0:01:17]} 35... Qc2+
{[%clk 0:01:33]} 36. Kg1 {[%clk 0:00:39]} 36... Qd1+ {[%clk 0:01:59]} 37. Kf2
{[%clk 0:01:05]} 37... Qd2+ {[%clk 0:02:19]} 38. Kg1 38... Qc1+ { [%clk
0:02:34]} 39. Kf2 {[%clk 0:01:31]} 39... Qc2+ {[%clk 0:02:40]} 40. Kg1 { [%clk
0:01:47]} 40... Qb1+ {[%clk 0:03:08]} 41. Kf2 {[%clk 0:01:58]} 41... Qb7 {[%clk
0:01:27]} 42. Bxg7 {[%clk 0:23:03]} 1/2-1/2

[Event "DEM U16 2018"]
[Site "Willingen GER"]
[Date "2018.05.23"]
[Round "6"]
[White "Bosselmann, Tom Linus"]
[Black "Woithe, Daniel"]
[Result "1-0"]
[Termination "normal"]
[Board "13"]
[WhiteElo "2082"]
[BlackElo "1894"]
[WhiteClock "00:52:19"]
[BlackClock "00:09:51"]
[PlyCount "61"]
[WhiteFideId "12983845"]
[BlackFideId "16244648"]
[EventCountry "GER"]
[EventRounds "9"]
[EventType "swiss"]
[EventDate "2018.05.19"]

1. e4 {[%clk 1:30:59]} 1... e6 {[%clk 1:30:55]} 2. d4 {[%clk 1:31:24]} 2... d5
{[%clk 1:31:20]} 3. e5 {[%clk 1:30:20]} 3... c5 {[%clk 1:31:44]} 4. c3 { [%clk
1:30:46]} 4... Nc6 {[%clk 1:32:10]} 5. Nf3 {[%clk 1:31:12]} 5... Qb6 { [%clk
1:32:26]} 6. Bd3 {[%clk 1:31:24]} 6... cxd4 {[%clk 1:32:25]} 7. cxd4 { [%clk
1:31:48]} 7... Bd7 {[%clk 1:32:10]} 8. O-O {[%clk 1:31:41]} 8... Nxd4 { [%clk
1:15:11]} 9. Nxd4 {[%clk 1:32:05]} 9... Qxd4 {[%clk 1:15:33]} 10. Nc3 { [%clk
1:32:20]} 10... a6 {[%clk 1:15:57]} 11. Qe2 {[%clk 1:32:29]} 11... Ne7 { [%clk
1:11:41]} 12. Kh1 {[%clk 1:32:19]} 12... Nc6 {[%clk 1:11:01]} 13. f4 { [%clk
1:32:38]} 13... Bc5 {[%clk 1:09:34]} 14. Bd2 {[%clk 1:29:34]} 14... Ba7 { [%clk
0:57:13]} 15. Rad1 {[%clk 1:27:29]} 15... Qb6 {[%clk 0:54:42]} 16. Rc1 { [%clk
1:20:57]} 16... Qd8 {[%clk 0:48:32]} 17. f5 {[%clk 1:18:52]} 17... exf5 { [%clk
0:39:24]} 18. Qh5 {[%clk 0:56:23]} 18... d4 {[%clk 0:19:32]} 19. Nd5 { [%clk
0:51:47]} 19... Be6 {[%clk 0:18:09]} 20. Nf4 {[%clk 0:52:05]} 20... Qd7 { [%clk
0:11:46]} 21. Nxe6 {[%clk 0:51:15]} 21... Qxe6 {[%clk 0:12:14]} 22. Bxf5 {[%clk
0:51:23]} 22... g6 {[%clk 0:10:30]} 23. Bxe6 {[%clk 0:51:36]} 23... gxh5 {[%clk
0:10:54]} 24. Bxf7+ {[%clk 0:52:00]} 24... Kd7 {[%clk 0:10:22]} 25. e6+ {[%clk
0:51:59]} 25... Kd6 {[%clk 0:10:40]} 26. Bf4+ {[%clk 0:51:32]} 26... Ke7 {[%clk
0:10:50]} 27. Bg5+ {[%clk 0:51:58]} 27... Kd6 {[%clk 0:11:00]} 28. Rfe1 {[%clk
0:51:33]} 28... Ne7 {[%clk 0:09:27]} 29. Bf4+ {[%clk 0:51:43]} 29... Kd5 {[%clk
0:09:44]} 30. Re5+ {[%clk 0:52:00]} 30... Kd6 {[%clk 0:09:51]} 31. Rxh5# {[%clk
0:52:19]} 1-0

[Event "DEM U16 2018"]
[Site "Willingen GER"]
[Date "2018.05.24"]
[Round "7"]
[White "Engel, Luis"]
[Black "Mütsch, Annmarie"]
[Result "1-0"]
[Termination "normal"]
[Board "2"]
[WhiteElo "2461"]
[BlackElo "2145"]
[WhiteClock "00:23:11"]
[BlackClock "00:01:04"]
[PlyCount "71"]
[WhiteFideId "12961523"]
[BlackFideId "12971367"]
[EventCountry "GER"]
[EventRounds "9"]
[EventType "swiss"]
[EventDate "2018.05.19"]

1. e4 {[%clk 1:30:58]} 1... c5 {[%clk 1:30:51]} 2. Nf3 {[%clk 1:31:23]} 2... e6
{[%clk 1:31:15]} 3. d4 {[%clk 1:31:48]} 3... cxd4 {[%clk 1:31:40]} 4. Nxd4 {
[%clk 1:32:13]} 4... Nc6 {[%clk 1:32:05]} 5. Nc3 {[%clk 1:32:36]} 5... Qc7 {
[%clk 1:32:26]} 6. Be2 {[%clk 1:32:58]} 6... Nf6 {[%clk 1:32:43]} 7. Be3 {
[%clk 1:32:56]} 7... a6 {[%clk 1:32:56]} 8. O-O {[%clk 1:33:18]} 8... Be7 {
[%clk 1:33:14]} 9. f4 {[%clk 1:33:39]} 9... d6 {[%clk 1:33:33]} 10. Qe1 { [%clk
1:33:39]} 10... O-O {[%clk 1:33:39]} 11. Kh1 {[%clk 1:32:18]} 11... Nxd4 {[%clk
1:30:21]} 12. Bxd4 {[%clk 1:32:41]} 12... b5 {[%clk 1:23:39]} 13. a3 { [%clk
1:32:36]} 13... Bb7 {[%clk 1:23:01]} 14. Qg3 {[%clk 1:32:47]} 14... g6 { [%clk
1:21:42]} 15. Bf3 {[%clk 1:25:49]} 15... Rad8 {[%clk 1:14:13]} 16. f5 { [%clk
1:22:30]} 16... e5 {[%clk 1:11:20]} 17. Be3 {[%clk 1:20:54]} 17... Kh8 { [%clk
1:07:19]} 18. fxg6 {[%clk 1:00:59]} 18... fxg6 {[%clk 1:05:33]} 19. Bh6 { [%clk
0:56:21]} 19... Rfe8 {[%clk 0:58:14]} 20. Rad1 {[%clk 0:51:02]} 20... Qb6
{[%clk 0:54:14]} 21. Bg4 {[%clk 0:46:13]} 21... a5 {[%clk 0:34:33]} 22. Be6 {
[%clk 0:42:43]} 22... Nh5 {[%clk 0:29:47]} 23. Qf3 {[%clk 0:38:54]} 23... Bf8 {
[%clk 0:21:48]} 24. Be3 {[%clk 0:37:14]} 24... Qc7 {[%clk 0:14:23]} 25. Bf7 {
[%clk 0:34:48]} 25... b4 {[%clk 0:12:29]} 26. Bxe8 {[%clk 0:32:52]} 26... Rxe8
{[%clk 0:12:53]} 27. Qf7 {[%clk 0:28:31]} 27... Qb8 {[%clk 0:07:26]} 28. axb4 {
[%clk 0:26:06]} 28... axb4 {[%clk 0:07:50]} 29. Nd5 {[%clk 0:26:29]} 29... Bc6
{[%clk 0:05:48]} 30. Nc7 {[%clk 0:24:49]} 30... Rc8 {[%clk 0:05:18]} 31. Ne6 {
[%clk 0:24:59]} 31... Bg7 {[%clk 0:03:29]} 32. Nxg7 {[%clk 0:24:36]} 32... Nxg7
{[%clk 0:03:53]} 33. Ra1 {[%clk 0:23:56]} 33... Rg8 {[%clk 0:01:13]} 34. Ra7 {
[%clk 0:23:04]} 34... Be8 {[%clk 0:01:29]} 35. Qe7 {[%clk 0:23:00]} 35... Qb5 {
[%clk 0:01:04]} 36. Rf8 {[%clk 0:23:11]} 1-0

[Event "DEM U16 2018"]
[Site "Willingen GER"]
[Date "2018.05.24"]
[Round "7"]
[White "Kuznecovs, Nikita"]
[Black "Kopylov, Daniel"]
[Result "1-0"]
[Termination "normal"]
[Board "3"]
[WhiteElo "2266"]
[BlackElo "2298"]
[WhiteClock "00:48:48"]
[BlackClock "00:29:40"]
[PlyCount "91"]
[WhiteFideId "11604557"]
[BlackFideId "12921971"]
[EventCountry "GER"]
[EventRounds "9"]
[EventType "swiss"]
[EventDate "2018.05.19"]

1. d4 {[%clk 1:30:49]} 1... d5 {[%clk 1:30:22]} 2. Bf4 {[%clk 1:31:08]} 2...
Nf6 {[%clk 1:30:27]} 3. e3 {[%clk 1:31:28]} 3... c5 {[%clk 1:30:38]} 4. c3 {
[%clk 1:31:51]} 4... Nc6 {[%clk 1:30:43]} 5. Nd2 {[%clk 1:32:12]} 5... Bf5 {
[%clk 1:30:41]} 6. Qb3 {[%clk 1:32:32]} 6... Qc8 {[%clk 1:30:34]} 7. c4 { [%clk
1:32:49]} 7... dxc4 {[%clk 1:18:37]} 8. Bxc4 {[%clk 1:32:49]} 8... e6 { [%clk
1:18:36]} 9. Ngf3 {[%clk 1:30:16]} 9... cxd4 {[%clk 1:11:52]} 10. Nxd4 { [%clk
1:24:38]} 10... Ne4 {[%clk 0:56:31]} 11. Nxf5 {[%clk 0:50:12]} 11... Nc5 {[%clk
0:33:21]} 12. Nxg7+ {[%clk 0:44:53]} 12... Bxg7 {[%clk 0:33:49]} 13. Qb5 {[%clk
0:45:10]} 13... Nd7 {[%clk 0:31:03]} 14. Ne4 {[%clk 0:40:47]} 14... O-O {[%clk
0:29:48]} 15. O-O {[%clk 0:37:55]} 15... Nce5 {[%clk 0:24:33]} 16. Be2 { [%clk
0:36:13]} 16... Qc6 {[%clk 0:24:19]} 17. Qxc6 {[%clk 0:36:35]} 17... Nxc6
{[%clk 0:24:29]} 18. Rab1 {[%clk 0:36:54]} 18... Nf6 {[%clk 0:23:22]} 19. Nd6 {
[%clk 0:34:17]} 19... Nd5 {[%clk 0:14:46]} 20. Bg3 {[%clk 0:34:37]} 20... b6 {
[%clk 0:14:27]} 21. Rfc1 {[%clk 0:34:06]} 21... Ne5 {[%clk 0:13:44]} 22. e4 {
[%clk 0:33:07]} 22... Nb4 {[%clk 0:13:04]} 23. a3 {[%clk 0:25:09]} 23... Nbd3 {
[%clk 0:10:45]} 24. Rd1 {[%clk 0:25:30]} 24... Nc5 {[%clk 0:09:36]} 25. f4 {
[%clk 0:25:20]} 25... Ng6 {[%clk 0:08:20]} 26. Bb5 {[%clk 0:24:19]} 26... Rad8
{[%clk 0:06:45]} 27. e5 {[%clk 0:22:25]} 27... a6 {[%clk 0:05:56]} 28. Bc6 {
[%clk 0:19:43]} 28... b5 {[%clk 0:05:18]} 29. Rbc1 {[%clk 0:19:31]} 29... Nb3 {
[%clk 0:04:42]} 30. Rc3 {[%clk 0:18:14]} 30... Na5 {[%clk 0:05:01]} 31. Bf3 {
[%clk 0:18:36]} 31... Bh6 {[%clk 0:05:03]} 32. b4 {[%clk 0:18:32]} 32... Nc4 {
[%clk 0:04:44]} 33. Nxc4 {[%clk 0:18:52]} 33... Rxd1+ {[%clk 0:04:11]} 34. Bxd1
{[%clk 0:19:15]} 34... Rc8 {[%clk 0:04:24]} 35. Be1 {[%clk 0:18:24]} 35... bxc4
{[%clk 0:00:41]} 36. g3 {[%clk 0:18:46]} 36... Bf8 {[%clk 0:00:34]} 37. Be2 {
[%clk 0:18:54]} 37... a5 {[%clk 0:00:37]} 38. Rxc4 {[%clk 0:19:03]} 38... Rb8 {
[%clk 0:00:54]} 39. bxa5 {[%clk 0:18:10]} 39... Ne7 {[%clk 0:00:43]} 40. a6 {
[%clk 0:17:11]} 40... Nd5 {[%clk 0:00:32]} 41. a7 {[%clk 0:16:52]} 41... Ra8 {
[%clk 0:00:40]} 42. Bf2 {[%clk 0:17:10]} 42... Bxa3 {[%clk 0:30:16]} 43. Ra4 {
[%clk 0:47:54]} 43... Bc1 {[%clk 0:29:17]} 44. Bb5 {[%clk 0:48:12]} 44... Ne3 {
[%clk 0:29:15]} 45. Bc6 {[%clk 0:48:28]} 45... Rd8 {[%clk 0:29:40]} 46. a8=Q {
[%clk 0:48:48]} 1-0

[Event "DEM U16 2018"]
[Site "Willingen GER"]
[Date "2018.05.24"]
[Round "7"]
[White "Pajeken, Jakob Leon"]
[Black "Wong, Gengchun"]
[Result "1-0"]
[Termination "normal"]
[Board "4"]
[WhiteElo "2278"]
[BlackElo "2120"]
[WhiteClock "01:08:39"]
[BlackClock "00:30:42"]
[PlyCount "115"]
[WhiteFideId "12942839"]
[BlackFideId "12963283"]
[EventCountry "GER"]
[EventRounds "9"]
[EventType "swiss"]
[EventDate "2018.05.19"]

1. e4 {[%clk 1:30:53]} 1... c5 {[%clk 1:30:42]} 2. Nf3 {[%clk 1:31:17]} 2... d6
{[%clk 1:31:08]} 3. d4 {[%clk 1:31:43]} 3... cxd4 {[%clk 1:31:34]} 4. Nxd4 {
[%clk 1:32:09]} 4... Nf6 {[%clk 1:31:59]} 5. Nc3 {[%clk 1:32:35]} 5... a6 {
[%clk 1:32:25]} 6. Be2 {[%clk 1:33:01]} 6... e6 7. Be3 {[%clk 1:33:24]} 7...
Be7 {[%clk 1:32:32]} 8. Qd2 {[%clk 1:33:50]} 8... Nc6 {[%clk 1:28:56]} 9. f4 {
[%clk 1:34:00]} 9... Qc7 {[%clk 1:18:15]} 10. O-O-O {[%clk 1:34:09]} 10... Bd7
{[%clk 0:47:19]} 11. g4 {[%clk 1:28:53]} 11... Nxd4 {[%clk 0:36:24]} 12. Bxd4 {
[%clk 1:26:54]} 12... Bc6 {[%clk 0:35:06]} 13. Qe3 {[%clk 1:26:14]} 13... e5 {
[%clk 0:27:31]} 14. fxe5 {[%clk 1:23:11]} 14... dxe5 {[%clk 0:27:25]} 15. Bb6 {
[%clk 1:23:14]} 15... Qb8 {[%clk 0:26:32]} 16. Bc5 {[%clk 1:10:44]} 16... Qc7 {
[%clk 0:17:30]} 17. Bb6 {[%clk 1:04:54]} 17... Qb8 {[%clk 0:17:40]} 18. h4 {
[%clk 1:00:29]} 18... Nd7 {[%clk 0:05:00]} 19. Rxd7 {[%clk 0:51:43]} 19... Bxd7
{[%clk 0:04:52]} 20. Nd5 {[%clk 0:52:01]} 20... Bd8 {[%clk 0:04:00]} 21. Qc5 {
[%clk 0:52:10]} 21... Bc6 {[%clk 0:01:07]} 22. Bxd8 {[%clk 0:50:32]} 22... Qxd8
{[%clk 0:01:34]} 23. Rd1 {[%clk 0:50:31]} 23... f6 {[%clk 0:00:38]} 24. g5 {
[%clk 0:45:34]} 24... Bxd5 {[%clk 0:00:44]} 25. gxf6 {[%clk 0:45:44]} 25...
gxf6 {[%clk 0:00:43]} 26. Bh5+ {[%clk 0:42:53]} 26... Bf7 {[%clk 0:01:12]} 27.
Rxd8+ {[%clk 0:42:26]} 27... Rxd8 {[%clk 0:01:41]} 28. Qb6 {[%clk 0:42:18]}
28... O-O {[%clk 0:01:33]} 29. Bxf7+ {[%clk 0:42:42]} 29... Kxf7 { [%clk
0:01:59]} 30. Qxb7+ {[%clk 0:43:01]} 30... Kg8 {[%clk 0:02:28]} 31. Qxa6 {[%clk
0:41:58]} 31... Kh8 {[%clk 0:02:48]} 32. Qe6 {[%clk 0:41:30]} 32... Rde8 {[%clk
0:02:24]} 33. Qf5 {[%clk 0:41:52]} 33... Re7 {[%clk 0:02:30]} 34. b3 { [%clk
0:41:38]} 34... Rg7 {[%clk 0:02:52]} 35. a4 {[%clk 0:41:39]} 35... Rg1+ { [%clk
0:01:15]} 36. Kb2 {[%clk 0:40:03]} 36... Rh1 {[%clk 0:01:37]} 37. Qf2 { [%clk
0:40:24]} 37... Rd1 {[%clk 0:00:54]} 38. h5 {[%clk 0:40:11]} 38... f5 { [%clk
0:00:42]} 39. Qc5 {[%clk 0:39:16]} 39... Re8 {[%clk 0:00:40]} 40. Qc6 { [%clk
0:38:48]} 40... Rf8 {[%clk 0:00:46]} 41. exf5 {[%clk 0:39:10]} 41... Rf1 {[%clk
0:01:00]} 42. h6 {[%clk 0:38:47]} 42... R1xf5 {[%clk 0:01:15]} 43. Qg2 { [%clk
0:39:00]} 43... Rg8 {[%clk 0:28:44]} 44. Qe4 {[%clk 1:09:53]} 44... Rh5 { [%clk
0:28:53]} 45. a5 {[%clk 1:10:03]} 45... Rxh6 {[%clk 0:28:51]} 46. Qxe5+ { [%clk
1:10:24]} 46... Rg7 {[%clk 0:29:16]} 47. b4 {[%clk 1:10:40]} 47... Rhg6 { [%clk
0:29:27]} 48. b5 {[%clk 1:09:43]} 48... Rg5 {[%clk 0:29:44]} 49. Qe8+ { [%clk
1:10:09]} 49... Rg8 {[%clk 0:30:10]} 50. Qc6 {[%clk 1:10:34]} 50... R8g6 {[%clk
0:30:09]} 51. Qc8+ {[%clk 1:09:07]} 51... Rg8 {[%clk 0:30:38]} 52. Qc3+ {[%clk
1:09:32]} 52... R8g7 {[%clk 0:30:49]} 53. b6 {[%clk 1:09:21]} 53... h5 { [%clk
0:31:10]} 54. Qc8+ {[%clk 1:08:19]} 54... Kh7 {[%clk 0:31:25]} 55. Qa6 { [%clk
1:07:42]} 55... R5g6 {[%clk 0:31:23]} 56. Qd3 {[%clk 1:07:57]} 56... Kh6 {[%clk
0:31:17]} 57. Qe3+ {[%clk 1:08:17]} 57... Kh7 {[%clk 0:30:42]} 58. a6 { [%clk
1:08:39]} 1-0

[Event "DEM U16 2018"]
[Site "Willingen GER"]
[Date "2018.05.24"]
[Round "7"]
[White "Schmider, Niklas"]
[Black "Baltic, Fatih"]
[Result "1/2-1/2"]
[Termination "normal"]
[Board "5"]
[BlackTitle "FM"]
[WhiteElo "2169"]
[BlackElo "2135"]
[WhiteClock "00:01:12"]
[BlackClock "00:54:47"]
[PlyCount "108"]
[WhiteFideId "12993778"]
[BlackFideId "12979090"]
[EventCountry "GER"]
[EventRounds "9"]
[EventType "swiss"]
[EventDate "2018.05.19"]

1. e4 {[%clk 1:30:58]} 1... e5 {[%clk 1:29:15]} 2. Nf3 {[%clk 1:31:23]} 2...
Nc6 {[%clk 1:29:40]} 3. Bb5 {[%clk 1:31:48]} 3... a6 {[%clk 1:30:06]} 4. Ba4 {
[%clk 1:32:15]} 4... d6 {[%clk 1:30:31]} 5. O-O {[%clk 1:32:37]} 5... Bd7 {
[%clk 1:30:54]} 6. d4 {[%clk 1:32:58]} 6... exd4 {[%clk 1:31:19]} 7. Nxd4 {
[%clk 1:33:04]} 7... b5 {[%clk 1:31:45]} 8. Nxc6 {[%clk 1:32:54]} 8... Bxc6 {
[%clk 1:32:10]} 9. Bb3 {[%clk 1:33:21]} 9... Nf6 {[%clk 1:32:37]} 10. Nc3 {
[%clk 1:26:08]} 10... Be7 {[%clk 1:31:54]} 11. Re1 {[%clk 1:25:08]} 11... O-O {
[%clk 1:32:05]} 12. a4 {[%clk 1:23:03]} 12... b4 {[%clk 1:32:30]} 13. Nd5 {
[%clk 1:23:17]} 13... Nxd5 {[%clk 1:32:39]} 14. exd5 {[%clk 1:21:45]} 14... Bd7
{[%clk 1:32:33]} 15. Bd2 {[%clk 1:16:58]} 15... Bf6 {[%clk 1:27:52]} 16. Bxb4 {
[%clk 1:15:16]} 16... Bxb2 {[%clk 1:25:58]} 17. Rb1 {[%clk 1:14:38]} 17... a5 {
[%clk 1:18:23]} 18. Bxd6 {[%clk 1:00:49]} 18... cxd6 {[%clk 1:18:31]} 19. Rxb2
{[%clk 1:01:11]} 19... Qf6 {[%clk 1:18:48]} 20. Rb1 {[%clk 0:58:47]} 20... Rfc8
{[%clk 1:18:04]} 21. Qd2 {[%clk 0:55:37]} 21... Rc3 {[%clk 1:17:18]} 22. Re3 {
[%clk 0:52:24]} 22... Rac8 {[%clk 1:16:39]} 23. Rbe1 {[%clk 0:47:00]} 23... h6
{[%clk 1:16:03]} 24. h3 {[%clk 0:39:26]} 24... Qg5 {[%clk 1:13:23]} 25. R1e2 {
[%clk 0:29:03]} 25... Qf6 {[%clk 1:07:08]} 26. Rxc3 {[%clk 0:27:46]} 26... Rxc3
{[%clk 1:07:32]} 27. Kh2 {[%clk 0:24:00]} 27... Bf5 {[%clk 1:04:12]} 28. Re3 {
[%clk 0:20:39]} 28... Rc5 {[%clk 1:03:03]} 29. Re2 {[%clk 0:16:54]} 29... Qg6 {
[%clk 1:00:47]} 30. c3 {[%clk 0:11:57]} 30... Be4 {[%clk 0:57:39]} 31. f3 {
[%clk 0:11:48]} 31... Bd3 {[%clk 0:57:43]} 32. Re8+ {[%clk 0:11:33]} 32... Kh7
{[%clk 0:58:08]} 33. Re3 {[%clk 0:10:06]} 33... Bc4 {[%clk 0:55:56]} 34. Bc2 {
[%clk 0:07:59]} 34... f5 {[%clk 0:56:25]} 35. g4 {[%clk 0:03:03]} 35... Qg5 {
[%clk 0:52:33]} 36. Bxf5+ {[%clk 0:02:06]} 36... g6 {[%clk 0:52:58]} 37. Be4 {
[%clk 0:01:42]} 37... Bxd5 {[%clk 0:51:22]} 38. Qe2 {[%clk 0:00:55]} 38... Bf7
{[%clk 0:48:33]} 39. Kg2 {[%clk 0:00:50]} 39... Qf6 {[%clk 0:48:27]} 40. Qe1 {
[%clk 0:00:42]} 40... d5 {[%clk 0:48:02]} 41. Bd3 {[%clk 0:25:23]} 41... Kg7 {
[%clk 1:17:11]} 42. Be2 {[%clk 0:23:51]} 42... Qf4 {[%clk 1:14:37]} 43. Bb5 {
[%clk 0:23:00]} 43... d4 {[%clk 1:08:54]} 44. Re4 {[%clk 0:21:36]} 44... Qc7 {
[%clk 1:08:49]} 45. cxd4 {[%clk 0:19:02]} 45... Rc1 {[%clk 1:09:17]} 46. Qf2 {
[%clk 0:18:10]} 46... Bd5 {[%clk 1:08:59]} 47. Re1 {[%clk 0:07:28]} 47... Rc2 {
[%clk 1:00:55]} 48. Be2 {[%clk 0:06:11]} 48... Qf4 {[%clk 1:00:10]} 49. Kf1 {
[%clk 0:04:06]} 49... Bc4 {[%clk 0:57:50]} 50. d5 {[%clk 0:02:49]} 50... Bxd5 {
[%clk 0:54:56]} 51. Rd1 {[%clk 0:01:01]} 51... Rxe2 52. Kxe2 {[%clk 0:00:57]}
52... Bc4+ {[%clk 0:54:01]} 53. Ke1 {[%clk 0:00:45]} 53... Qe5+ {[%clk 0:54:27]
} 54. Kd2 {[%clk 0:01:12]} 54... Qb2+ {[%clk 0:54:47]} 1/2-1/2

[Event "DEM U16 2018"]
[Site "Willingen GER"]
[Date "2018.05.24"]
[Round "7"]
[White "Knüdel, Torben"]
[Black "Yankelevich, Michael"]
[Result "1-0"]
[Termination "normal"]
[Board "6"]
[WhiteElo "2034"]
[BlackElo "1986"]
[WhiteClock "00:27:10"]
[BlackClock "01:25:56"]
[PlyCount "97"]
[WhiteFideId "16208820"]
[BlackFideId "12921440"]
[EventCountry "GER"]
[EventRounds "9"]
[EventType "swiss"]
[EventDate "2018.05.19"]

1. e4 {[%clk 1:30:59]} 1... c5 {[%clk 1:30:53]} 2. Nf3 {[%clk 1:31:26]} 2... e6
{[%clk 1:31:19]} 3. d4 {[%clk 1:31:54]} 3... cxd4 {[%clk 1:31:47]} 4. Nxd4 {
[%clk 1:32:14]} 4... Bc5 {[%clk 1:32:12]} 5. Be3 {[%clk 1:31:47]} 5... Qb6 {
[%clk 1:29:21]} 6. Nc3 {[%clk 1:25:52]} 6... Nc6 {[%clk 1:26:51]} 7. Na4 {
[%clk 1:21:57]} 7... Qa5+ {[%clk 1:22:43]} 8. c3 {[%clk 1:21:44]} 8... Bxd4 {
[%clk 1:21:56]} 9. Bxd4 {[%clk 1:21:57]} 9... Nxd4 {[%clk 1:22:08]} 10. Qxd4 {
[%clk 1:22:22]} 10... e5 {[%clk 1:22:11]} 11. Qb4 {[%clk 1:16:44]} 11... Qxb4 {
[%clk 1:19:10]} 12. cxb4 {[%clk 1:15:33]} 12... Nf6 {[%clk 1:19:03]} 13. Nc3 {
[%clk 1:15:44]} 13... O-O {[%clk 1:19:05]} 14. Bc4 {[%clk 1:09:05]} 14... d6 {
[%clk 1:14:35]} 15. O-O-O {[%clk 1:05:46]} 15... Rd8 {[%clk 1:12:06]} 16. Rd2 {
[%clk 1:00:50]} 16... Kf8 {[%clk 1:09:00]} 17. Rhd1 {[%clk 1:00:10]} 17... Ke7
{[%clk 1:09:00]} 18. f3 {[%clk 0:47:39]} 18... Be6 {[%clk 1:06:32]} 19. Bxe6 {
[%clk 0:45:12]} 19... fxe6 {[%clk 1:05:19]} 20. Kb1 {[%clk 0:44:14]} 20... a6 {
[%clk 1:04:06]} 21. Rc1 {[%clk 0:40:03]} 21... b5 {[%clk 1:01:53]} 22. Rdc2 {
[%clk 0:36:49]} 22... Rd7 {[%clk 1:01:12]} 23. Nd1 {[%clk 0:31:03]} 23... d5 {
[%clk 0:59:28]} 24. Nf2 {[%clk 0:31:04]} 24... Rad8 {[%clk 0:58:07]} 25. Nd3 {
[%clk 0:30:35]} 25... dxe4 {[%clk 0:57:32]} 26. Nxe5 {[%clk 0:30:53]} 26...
exf3 {[%clk 0:56:37]} 27. gxf3 {[%clk 0:29:47]} 27... Nd5 {[%clk 0:56:31]} 28.
Nc6+ {[%clk 0:29:00]} 28... Kf6 {[%clk 0:55:55]} 29. Nxd8 {[%clk 0:29:23]}
29... Rxd8 {[%clk 0:56:22]} 30. a3 {[%clk 0:29:39]} 30... Kf5 {[%clk 0:56:22]}
31. Rc6 {[%clk 0:28:51]} 31... Ra8 {[%clk 0:56:00]} 32. Rd6 {[%clk 0:27:48]}
32... a5 {[%clk 0:55:50]} 33. bxa5 {[%clk 0:28:05]} 33... Rxa5 {[%clk 0:56:19]}
34. Rd7 {[%clk 0:21:50]} 34... Kf6 {[%clk 0:56:05]} 35. Rg1 {[%clk 0:20:11]}
35... Ne7 {[%clk 0:56:28]} 36. Rb7 {[%clk 0:16:15]} 36... h5 {[%clk 0:55:50]}
37. Kc2 {[%clk 0:15:27]} 37... Nf5 {[%clk 0:56:00]} 38. Kc3 {[%clk 0:13:54]}
38... g5 {[%clk 0:55:32]} 39. Rd1 {[%clk 0:08:51]} 39... Ne3 {[%clk 0:54:17]}
40. Rdd7 {[%clk 0:08:51]} 40... Nd5+ {[%clk 0:54:39]} 41. Kd4 {[%clk 0:07:51]}
41... Ra4+ {[%clk 0:55:01]} 42. Kc5 {[%clk 0:06:42]} 42... b4 {[%clk 0:55:24]}
43. axb4 {[%clk 0:06:26]} 43... Ra2 {[%clk 0:55:44]} 44. b5 {[%clk 0:27:00]}
44... Rxb2 {[%clk 1:24:30]} 45. Kd6 {[%clk 0:26:16]} 45... Rxh2 {[%clk 1:24:48]
} 46. Rf7+ {[%clk 0:26:36]} 46... Kg6 {[%clk 1:25:16]} 47. Rg7+ {[%clk 0:26:45]
} 47... Kf5 {[%clk 1:25:31]} 48. Rbf7+ {[%clk 0:26:50]} 48... Nf6 { [%clk
1:25:56]} 49. Ke7 {[%clk 0:27:10]  Ke4} 1-0